000 00627nam a2200205 i 4500
001 24021
003 ES-MaACL
005 20250814091531.0
007 t|
008 021213s1969 sp ||||1| spa d
100 1 _aAmo, Álvaro del.
_921269
245 1 3 _aEl cine en la crítica del método /
_cÁlvaro del Amo.
260 _aMadrid :
_bEdicusa, Cuadernos para el Diálogo,
_c1969.
300 _a170 p. ;
_c21 cm.
650 0 7 _aCine
_2embne
_911010
650 7 _aEstética cinematográfica
_2embne
_912542
710 2 _aCuadernos para el Diálogo.
_93333
852 _aES-MaACL
_jC-36620
999 _c24021
_d24021